Σταθμίζοντας τα όρια της επιστήμης

Αποθηκεύτηκε σε:
Λεπτομέρειες βιβλιογραφικής εγγραφής
Κύριος συγγραφέας: Wilson, Des
Άλλοι συγγραφείς: Morin, Edgar, Πιέρρος, Φραγκίσκος (Μεταφραστής), Καραχάλιος, Μιχάλης (Μεταφραστής)
Μορφή: Βιβλίο
Γλώσσα:Greek
French
English
Δημοσίευση: Αθήνα : Γενική Γραμματεία Νέας Γενιάς, 1989.
Σειρά:Φύση και κοινωνία. Επιστήμες ; 4
Θέματα:
Ετικέτες: Προσθήκη ετικέτας
Δεν υπάρχουν, Καταχωρήστε ετικέτα πρώτοι!

MARC

LEADER 00000cam a2200000 i 4500
001 1/81642
008 970304s1989 gr | ||| |||| ||gre||
035 |a 1991  |b 3  |c Δωρεά  |l 10033742 
040 |a GR-MyUA  |b gre  |e AACR2 
041 1 |a gre  |h fre  |h eng 
082 7 |a 121   |2 (22) 
100 1 |a Wilson, Des. 
245 1 0 |a Σταθμίζοντας τα όρια της επιστήμης /   |c Des Wilson ; μετάφραση: Φραγκίσκος Πιέρρος. Η ευθύνη του ερευνητή απέναντι στην κοινωνία και τον άνθρωπο ; Η παλιά και νέα δια-επιστημονικότητα ; Edgar Morin ; μετάφραση: Μιχάλης Καραχάλιος.  
260 |a Αθήνα :   |b Γενική Γραμματεία Νέας Γενιάς,   |c 1989.  
300 |a 23 σ. ;   |c 24 εκ.  
490 1 |a (Φύση και κοινωνία. Επιστήμες ;   |v  4)  
500 |a Τίτλος πρωτοτύπου: Balancing the limits of science.  
500 |a Τίτλος πρωτοτύπου: Les responsabilite du chercheur face a la societe et a l'homme.  
500 |a Τίτλος πρωτοτύπου: L'ancienne et nouvelle transdisciplinarite .  
650 0 0 |a Science  |x Philosophy. 
700 1 |a Morin, Edgar. 
700 1 |a Πιέρρος, Φραγκίσκος,  |e trl 
700 1 |a Καραχάλιος, Μιχάλης,  |e trl 
830 0 |a Φύση και κοινωνία.   |p Επιστήμες ;  |v  4 
852 |a INST  |b LESVOS  |e 19970509  |h 121 WIL  |p 005100001620  |q 005100001620  |t BK  |y 0 
852 |a INST  |b LESVOS  |e 19970509  |h 121 WIL  |p 005100001621  |q 005100001621  |t BK  |y 0 
852 |a INST  |b LESVOS  |e 20141107  |h 121 WIL  |p 005100055374  |q 005100055374  |t BK  |y 0 
852 |a INST  |b RHODES  |e 19970304  |h 121 WIL  |p 005400010386  |q 005400010386  |t BK  |y 0 
901 |a BIBL1-2014-3 
909 |a Ρ  |b 020637 
909 |a Λ  |b 020206 
909 |a Λ  |b 191067 
922 |a 1ΕΛΗ  |b 199106 
970 |z 04/03/1997